Statistiques concernant Les sept continents quiz

Cliquez ici pour prendre le quiz!

Statistiques générales

  • Ce quiz a été pris 65 fois
  • Le résultat moyen est 7 sur 7

Statistiques - réponses

Continent % Correct
Amérique du Sud
100%
Asie
100%
Europe
98%
Afrique
98%
Amérique du Nord
98%
Australie
95%
Antarctique
90%

Distribution des résultats

Percentile by Number Answered

% des personnes avec chaque résultat

Votre développement - résultats

Vous n’avez pas pris ce quiz